000 00275 a2200121 4500
000 nam a22 7a 4500
005 20251127152504.0
020 _a9788192083582
100 _aFarha Adeeba
_9853285
245 _aSauda
260 _bRainfia enterprises
_c2013
942 _cTB
999 _c1465616
_d1465616